উচ্চ-মাধ্যমিক বাংলা ব্যাকরণ ও রচনাশৈলী / (Record no. 6627)
[ view plain ]
| 000 -LEADER | |
|---|---|
| fixed length control field | 00762nam a2200217 a 4500 |
| 001 - CONTROL NUMBER | |
| JCCL Control Number | 6627 |
| 003 - CONTROL NUMBER IDENTIFIER | |
| JCCL marc code | BD-JhCC |
| 005 - DATE AND TIME OF LATEST TRANSACTION | |
| control field | 20180128104659.0 |
| 008 - FIXED-LENGTH DATA ELEMENTS--GENERAL INFORMATION | |
| fixed length control field | 180127s1986 bg |||| |||| 000 0 ben d |
| 035 ## - SYSTEM CONTROL NUMBER | |
| system control number | (BD-JhCC) 6627 |
| 040 ## - CATALOGING SOURCE | |
| Original cataloging agency | BD-JhCC |
| Modifying agency | BD-JhCC |
| 041 ## - LANGUAGE CODE | |
| Language code of Book | ben |
| 082 ## - DEWEY DECIMAL CLASSIFICATION NUMBER | |
| Author mark and Year | CHO 1986 |
| Classification number | 491.445 |
| 100 ## - MAIN ENTRY--PERSONAL NAME | |
| Personal name | চৌধুরী, ডঃ সুবোধ |
| 245 ## - TITLE STATEMENT | |
| Title | উচ্চ-মাধ্যমিক বাংলা ব্যাকরণ ও রচনাশৈলী / |
| Statement of responsibility, etc | ডঃ সুবোধ চৌধুরী |
| 260 ## - PUBLICATION, DISTRIBUTION, ETC. (IMPRINT) | |
| Place of publication, distribution, etc | কলিকাতা : |
| Name of publisher, distributor, etc | পাবলিশিং সিন্ডিকেট, |
| Date of publication, distribution, etc | ১৯৮৬. |
| 300 ## - PHYSICAL DESCRIPTION | |
| Pagination | ১০৪ পৃ : |
| Dimensions | ২১ সেমি. |
| 650 ## - SUBJECT ADDED ENTRY--TOPICAL TERM | |
| Topical term or geographic name as entry element | Bengali Grammar |
| 942 ## - ADDED ENTRY ELEMENTS (KOHA) | |
| Source of classification or shelving scheme | Dewey Decimal Classification |
| Koha item type | Books |
| Source of classification or shelving scheme | Damaged status | Not for loan | Home library | Current library | Shelving location | Cost, normal purchase price | Total Checkouts | Full call number | Barcode | Date last seen | Copy number | Koha item type |
|---|---|---|---|---|---|---|---|---|---|---|---|---|
| Dewey Decimal Classification | JCC Rouf Library | JCC Rouf Library | General Stacks | 45.00 | 491.445 CHO 1986 | 9078 | 01/27/2018 | C - 1 | Books |